[Event "26th EUR-ch"]
[Site "Katowice POL"]
[Date "2026.04.12"]
[Round "5.83"]
[White "Nemec, Jachym"]
[Black "Coicev, Matei-Andrei"]
[Result "0-1"]
[WhiteElo "2482"]
[BlackElo "2333"]
[EventDate "2026.04.07"]
[PlyCount "108"]

1.Nf3 Nf6 2.g3 d5 3.Bg2 c6 4.O-O Bf5 5.c4 e6 6.Qb3 Qb6 7.d3 h6 8.Be3 Qxb3 
9.axb3 a6 10.cxd5 exd5 11.Bd4 Nbd7 12.Bc3 Be7 13.Nd4 Bh7 14.b4 O-O 15.Nd2 
Rfe8 16.Rfe1 Bf8 17.h3 Rad8 18.N2b3 Nb6 19.Nc5 Rb8 20.Ndb3 Nfd7 21.Bd4 
Nxc5 22.bxc5 Nc8 23.Na5 Na7 24.b4 Nb5 25.Bb2 Re7 26.f4 Rbe8 27.Kf2 Rd7 28.
Bf3 f6 29.g4 Bg6 30.Red1 Bf7 31.e4 Be7 32.e5 fxe5 33.Bxe5 Bh4+ 34.Kg2 Rxe5
35.fxe5 Nd4 36.Rab1 Bg6 37.Nb3 Nc2 38.Kh1 Re7 39.d4 Rf7 40.Rf1 Ne3 41.e6 
Rf8 42.Nd2 Nxf1 43.Rxf1 Re8 44.Nb3 Rxe6 45.Na5 Re7 46.Kg2 Bf6 47.Rd1 Kf8 
48.Rd2 Rf7 49.Rd1 Ke8 50.Re1+ Kd8 51.Rd1 Kc7 52.Rd2 Re7 53.Kf2 Bh4+ 54.Kg2
Be1 0-1

[Event "26th EUR-ch"]
[Site "Katowice POL"]
[Date "2026.04.12"]
[Round "5.84"]
[White "Qalichava, Akaki"]
[Black "Talibov, Shiroghlan"]
[Result "1/2-1/2"]
[WhiteElo "2322"]
[BlackElo "2482"]
[EventDate "2026.04.07"]
[PlyCount "97"]

1.e4 c5 2.Nf3 d6 3.d4 cxd4 4.Qxd4 Nc6 5.Bb5 Bd7 6.Bxc6 Bxc6 7.Nc3 Nf6 8.
Bg5 Qb6 9.Qxb6 axb6 10.Bxf6 gxf6 11.Nd4 Rg8 12.g3 f5 13.Nxf5 b5 14.f3 e6 
15.Nd4 b4 16.Nce2 Rg5 17.Nb3 Rb5 18.a4 bxa3 19.Rxa3 Rxa3 20.bxa3 Rb6 21.
Kf2 d5 22.e5 Ba4 23.Nbd4 Rb2 24.Rc1 Ra2 25.Rb1 Bc5 26.Rxb7 Rxc2 27.Ke3 Ra2
28.Nc3 Rxa3 29.Kd3 Bd7 30.Rb8+ Ke7 31.Nc2 Ra5 32.Nd4 Ra7 33.f4 Ra3 34.g4 
Ba7 35.Rh8 Bxd4 36.Kxd4 Rb3 37.f5 exf5 38.Nxd5+ Ke6 39.Rxh7 fxg4 40.Rh6+ 
Kf5 41.Rf6+ Kg5 42.Rxf7 Be6 43.Re7 Bxd5 44.Kxd5 Rb5+ 45.Kd6 Rb6+ 46.Kd7 
Kf5 47.e6 Ke5 48.Kc7 Rxe6 49.Kd7 1/2-1/2

[Event "26th EUR-ch"]
[Site "Katowice POL"]
[Date "2026.04.12"]
[Round "5.85"]
[White "Zakin, Ilay"]
[Black "Bronstein, Or"]
[Result "1/2-1/2"]
[WhiteElo "2330"]
[BlackElo "2481"]
[EventDate "2026.04.07"]
[PlyCount "34"]

1.e4 c5 2.Nf3 Nc6 3.d4 cxd4 4.Nxd4 Nf6 5.Nc3 e5 6.Ndb5 d6 7.Bg5 a6 8.Na3 
b5 9.Nd5 Be7 10.Bxf6 Bxf6 11.c3 Rb8 12.Nc2 Bg5 13.a4 bxa4 14.Ncb4 Nxb4 15.
cxb4 Bd7 16.Bxa6 O-O 17.O-O Qe8 1/2-1/2

[Event "26th EUR-ch"]
[Site "Katowice POL"]
[Date "2026.04.12"]
[Round "5.86"]
[White "Hnydiuk, Aleksander"]
[Black "Bazakutsa, Svyatoslav"]
[Result "0-1"]
[WhiteElo "2314"]
[BlackElo "2477"]
[EventDate "2026.04.07"]
[PlyCount "168"]

1.Nf3 Nf6 2.c4 g6 3.g3 Bg7 4.Bg2 O-O 5.d4 d6 6.Nc3 c5 7.dxc5 dxc5 8.O-O 
Nc6 9.Bf4 Nh5 10.Bd2 Be6 11.Qa4 Bd7 12.Rac1 b6 13.Rfd1 Bxc3 14.Bxc3 Nd4 
15.Qa3 Nxe2+ 16.Kf1 Nxc3 17.Qxc3 Qc8 18.Ne5 Bh3 19.Qf3 Ng7 20.Bxh3 Qxh3+ 
21.Kg1 Nf5 22.g4 Qxf3 23.Nxf3 Nd6 24.Ne5 f6 25.Nd3 g5 26.f3 Kf7 27.Kg2 
Rfd8 28.Nf2 Nb7 29.h4 h6 30.hxg5 hxg5 31.Ne4 Na5 32.Rh1 Rh8 33.b3 Nc6 34.
Rxh8 Rxh8 35.Rd1 Ke8 36.a3 Na5 37.b4 Nxc4 38.Rc1 Ne5 39.bxc5 Nd3 40.Rb1 
Nf4+ 41.Kg1 Rh3 42.cxb6 axb6 43.Nd2 Rg3+ 44.Kf1 Rg2 45.Ne4 Ra2 46.Rxb6 
Rxa3 47.Nd2 Kf7 48.Rb3 Ra1+ 49.Kf2 Ra2 50.Ke3 Nd5+ 51.Kd3 Ke6 52.Rb5 Ra3+ 
53.Rb3 Ra8 54.Nc4 Ra1 55.Kd4 Rd1+ 56.Rd3 Rf1 57.Ra3 Nf4 58.Ke4 Ng2 59.Ra6+
Kf7 60.Ra3 Re1+ 61.Kd4 Kg6 62.Ra2 e5+ 63.Kc3 Nh4 64.Rf2 e4 65.Kd2 Rg1 66.
fxe4 Rxg4 67.Nd6 Ng2 68.Kd3 Rg3+ 69.Kd4 Nf4 70.Nf5 Rd3+ 71.Kc4 Ra3 72.Nd6 
Ra6 73.Rd2 g4 74.Kb5 Ra1 75.Nf5 Re1 76.Rd4 Ne6 77.Rc4 Ng5 78.Ne7+ Kf7 79.
Nd5 Nxe4 80.Rc7+ Ke6 81.Nf4+ Kf5 82.Nd3 Rb1+ 83.Kc4 g3 84.Rg7 Ng5 0-1

[Event "26th EUR-ch"]
[Site "Katowice POL"]
[Date "2026.04.12"]
[Round "5.87"]
[White "Lavrencic, Matic"]
[Black "Hercegovac, Neven"]
[Result "1-0"]
[WhiteElo "2472"]
[BlackElo "2325"]
[EventDate "2026.04.07"]
[PlyCount "33"]

1.e4 e5 2.Nf3 Nc6 3.Bc4 Nf6 4.d3 Be7 5.Nc3 O-O 6.a3 d6 7.Be3 h6 8.h3 Nh7 
9.Nd5 Ng5 10.Nxe7+ Qxe7 11.Nxg5 hxg5 12.Qh5 Be6 13.Bxg5 f6 14.Be3 Rad8 15.
O-O d5 16.Ba2 dxe4 17.Bc5 1-0

[Event "26th EUR-ch"]
[Site "Katowice POL"]
[Date "2026.04.12"]
[Round "5.88"]
[White "Gibala, Adam"]
[Black "Haring, Filip"]
[Result "1/2-1/2"]
[WhiteElo "2317"]
[BlackElo "2461"]
[EventDate "2026.04.07"]
[PlyCount "104"]

1.d4 Nf6 2.c4 e6 3.Nf3 Bb4+ 4.Nbd2 b6 5.a3 Bxd2+ 6.Qxd2 Bb7 7.e3 O-O 8.b3 
d5 9.Bb2 Nbd7 10.Be2 c5 11.O-O Rc8 12.Rac1 dxc4 13.Bxc4 Bxf3 14.gxf3 Ne5 
15.Be2 Nc6 16.b4 cxd4 17.b5 Na5 18.Rxc8 Qxc8 19.Qxd4 Rd8 20.Qc3 Qxc3 21.
Bxc3 Nb7 22.Bd4 Kf8 23.Rc1 Ke7 24.f4 Nd6 25.Bd3 Rc8 26.Rxc8 Nxc8 27.e4 Nh5
28.Be3 Nf6 29.Kg2 Nd7 30.Kf3 f6 31.a4 Nd6 32.Bd4 Nb7 33.Bc2 Kd6 34.Ke3 
Nbc5 35.h4 e5 36.Bc3 Ne6 37.fxe5+ fxe5 38.Bb4+ Ndc5 39.Bd1 Nf4 40.h5 h6 
41.Bg4 Kc7 42.f3 g6 43.hxg6 Nxg6 44.a5 Nf4 45.Bc3 Kd6 46.Bc8 h5 47.axb6 
axb6 48.Kf2 Ncd3+ 49.Kf1 Kc5 50.Bd7 h4 51.Bd2 Kd4 52.Bc8 Kc5 1/2-1/2

[Event "26th EUR-ch"]
[Site "Katowice POL"]
[Date "2026.04.12"]
[Round "5.89"]
[White "Kejna, Piotr"]
[Black "Hrbek, Stepan"]
[Result "1/2-1/2"]
[WhiteElo "2311"]
[BlackElo "2460"]
[EventDate "2026.04.07"]
[PlyCount "27"]

1.e4 c5 2.Nf3 Nc6 3.Nc3 e5 4.Bc4 Be7 5.d3 d6 6.Nd2 Nf6 7.Nf1 Bg4 8.f3 Be6 
9.Ne3 O-O 10.O-O Rb8 11.a4 Nh5 12.Ned5 Bg5 13.Bxg5 Qxg5 14.Qc1 1/2-1/2

[Event "26th EUR-ch"]
[Site "Katowice POL"]
[Date "2026.04.12"]
[Round "5.90"]
[White "Palczert, Matyas"]
[Black "Zawadzka, Jolanta"]
[Result "1/2-1/2"]
[WhiteElo "2457"]
[BlackElo "2324"]
[EventDate "2026.04.07"]
[PlyCount "63"]

1.e4 e5 2.Nf3 Nc6 3.Bb5 a6 4.Ba4 Nf6 5.O-O Nxe4 6.d4 Be7 7.Re1 b5 8.Rxe4 
d5 9.Nxe5 Nxe5 10.Rxe5 bxa4 11.Qe2 Be6 12.f4 Kf8 13.f5 Bd7 14.Qf2 f6 15.
Re1 Kf7 16.Nc3 Bb4 17.Bd2 Bxc3 18.Bxc3 Qb8 19.Re3 Qb5 20.Rae1 Rhe8 21.Qf4 
Rxe3 22.Rxe3 Re8 23.Rxe8 Kxe8 24.Qxc7 Qe2 25.h3 Qxc2 26.Qd6 Qxf5 27.Qxa6 
h5 28.Qd6 Qe6 29.Qg3 Kf7 30.Kh2 g5 31.b4 h4 32.Qc7 1/2-1/2

[Event "26th EUR-ch"]
[Site "Katowice POL"]
[Date "2026.04.12"]
[Round "5.91"]
[White "Tutisani, Noe"]
[Black "Lehaci, Miruna-Daria"]
[Result "1-0"]
[WhiteElo "2454"]
[BlackElo "2258"]
[EventDate "2026.04.07"]
[PlyCount "91"]

1.Nf3 d5 2.g3 Nc6 3.d4 Bf5 4.c4 e6 5.Bg2 Nb4 6.O-O Nc2 7.Nh4 Nxa1 8.Nxf5 
exf5 9.Nc3 Nf6 10.cxd5 Bd6 11.Qd3 O-O 12.Qxf5 Qd7 13.Qb1 c6 14.e4 Bb4 15.
d6 c5 16.dxc5 Bxc5 17.e5 Ng4 18.Bh3 Bd4 19.Bf4 h5 20.Nd5 Kh8 21.Qxa1 Qc6 
22.Ne7 Qc5 23.Bxg4 hxg4 24.Qd1 Bxe5 25.b4 Qc3 26.Qxg4 Bxf4 27.Qxf4 Qf6 28.
Qxf6 gxf6 29.Rd1 Rfd8 30.d7 Kg7 31.h4 Kf8 32.Nf5 a5 33.b5 b6 34.Rd6 Rab8 
35.g4 Rb7 36.Rxf6 Rdxd7 37.g5 Kg8 38.h5 Rd5 39.a4 Rd1+ 40.Kh2 Ra1 41.g6 
fxg6 42.hxg6 Rxa4 43.Rc6 Rb8 44.Rc7 Kh8 45.Rh7+ Kg8 46.Nh6+ 1-0

[Event "26th EUR-ch"]
[Site "Katowice POL"]
[Date "2026.04.12"]
[Round "5.92"]
[White "Azoulay, Yehonatan"]
[Black "Willow, Jonah"]
[Result "0-1"]
[WhiteElo "2298"]
[BlackElo "2452"]
[EventDate "2026.04.07"]
[PlyCount "78"]

1.e4 e6 2.d4 d5 3.Nd2 h6 4.Ngf3 Nf6 5.e5 Nfd7 6.Bd3 c5 7.c3 Nc6 8.O-O g5 
9.h3 h5 10.c4 g4 11.cxd5 exd5 12.e6 fxe6 13.Bg6+ Ke7 14.Nh4 Nxd4 15.Nb3 
Nxb3 16.Bg5+ Nf6 17.Qxb3 Bh6 18.Bxh6 Rxh6 19.Nf5+ exf5 20.Qe3+ Ne4 21.Qxh6
Qf8 22.Qxh5 gxh3 23.f3 hxg2 24.Rfe1 Be6 25.fxe4 dxe4 26.Rad1 Qh8 27.Qg5+ 
Qf6 28.Qxf6+ Kxf6 29.Bh5 Rh8 30.Be2 f4 31.Bb5 f3 32.Kf2 Ke5 33.Bd3 Bf5 34.
Rc1 Kf4 35.Bxe4 Bxe4 36.Rc4 Re8 37.Rxc5 Rd8 38.Kg1 Rd2 39.Kh2 g1=Q+ 0-1

[Event "26th EUR-ch"]
[Site "Katowice POL"]
[Date "2026.04.12"]
[Round "5.93"]
[White "Karpus, Michal"]
[Black "Ghimpu, Samuel-Timotei"]
[Result "0-1"]
[WhiteElo "2243"]
[BlackElo "2443"]
[EventDate "2026.04.07"]
[PlyCount "56"]

1.e4 d6 2.d4 Nf6 3.Nc3 e5 4.Nf3 Nbd7 5.Rg1 c6 6.g4 h6 7.Be3 Be7 8.h4 exd4 
9.Qxd4 Qa5 10.g5 Ne5 11.Be2 hxg5 12.Nxg5 Rxh4 13.f4 Neg4 14.O-O-O Qb6 15.
Qxb6 axb6 16.Bxb6 Nh6 17.e5 Nd7 18.Bc7 dxe5 19.fxe5 Nc5 20.Kb1 Bxg5 21.
Rxg5 Ne6 22.Rxg7 Nxg7 23.Bd8 Rh2 24.Bf6 Ne6 25.Bc4 Ng4 26.Ne4 Nxf6 27.exf6
Kf8 28.a4 Rh4 0-1

[Event "26th EUR-ch"]
[Site "Katowice POL"]
[Date "2026.04.12"]
[Round "5.94"]
[White "Bakhmatskyi, Vladyslav"]
[Black "Veljanoski, Andrej"]
[Result "1-0"]
[WhiteElo "2442"]
[BlackElo "2255"]
[EventDate "2026.04.07"]
[PlyCount "87"]

1.c4 Nf6 2.Nc3 e5 3.Nf3 Nc6 4.e3 Bb4 5.Qc2 Bxc3 6.Qxc3 Qe7 7.a3 a5 8.d3 d5
9.cxd5 Nxd5 10.Qc2 O-O 11.b3 Be6 12.Be2 f6 13.O-O Qf7 14.Rb1 Rfd8 15.Nd2 
Nde7 16.Ne4 b6 17.Bd2 Rd7 18.Rfc1 Nd8 19.b4 a4 20.Bc3 Bb3 21.Qb2 Ne6 22.g3
Bd5 23.b5 Bb7 24.Qc2 Nd5 25.Ba1 Kh8 26.Rd1 Re7 27.Bf3 f5 28.Nd2 Ng5 29.Bg2
f4 30.Ne4 Ne6 31.Bxe5 fxe3 32.f4 Nc5 33.Nxc5 bxc5 34.Re1 Rae8 35.Rb2 Rxe5 
36.fxe5 Rxe5 37.Qxc5 Qe8 38.Qa7 Ba8 39.Rbe2 h6 40.Bxd5 Bxd5 41.Rxe3 Rxe3 
42.Qxe3 Qxb5 43.Qe8+ Qxe8 44.Rxe8+ 1-0

[Event "26th EUR-ch"]
[Site "Katowice POL"]
[Date "2026.04.12"]
[Round "5.95"]
[White "Isik, Alparslan"]
[Black "Mierins, Emils Janis"]
[Result "1-0"]
[WhiteElo "2435"]
[BlackElo "2223"]
[EventDate "2026.04.07"]
[PlyCount "85"]

1.d4 Nf6 2.c4 e6 3.Nc3 d5 4.Nf3 Be7 5.Bg5 O-O 6.e3 h6 7.Bxf6 Bxf6 8.Qc2 c6
9.h4 g6 10.Bd3 Nd7 11.O-O-O Bg7 12.Kb1 Qe7 13.Rhe1 dxc4 14.Bxc4 Nb6 15.Bb3
c5 16.Ne4 cxd4 17.exd4 Bd7 18.h5 Rac8 19.Qd3 g5 20.Nc5 Rfe8 21.Ne5 Bc6 22.
Bc2 Nd5 23.Qh7+ Kf8 24.Ne4 Nb4 25.Bb3 Bxe4+ 26.Rxe4 Qc7 27.Ng4 Nd5 28.Re5 
Nf6 29.Nxf6 Bxf6 30.Qxh6+ Ke7 31.Rf5 exf5 32.Re1+ Kd7 33.Ba4+ b5 34.Bxb5+ 
Kd6 35.Qxf6+ Re6 36.Rxe6+ fxe6 37.a4 Qc2+ 38.Ka2 Qc7 39.Qxg5 Kd5 40.Qe3 
Qd6 41.Qf3+ Kxd4 42.Qd3+ Ke5 43.f4+ 1-0

[Event "26th EUR-ch"]
[Site "Katowice POL"]
[Date "2026.04.12"]
[Round "5.96"]
[White "Ribeiro, Gustavo"]
[Black "Manafov, Vugar"]
[Result "0-1"]
[WhiteElo "2280"]
[BlackElo "2432"]
[EventDate "2026.04.07"]
[PlyCount "70"]

1.Nf3 Nf6 2.c4 e6 3.b3 d5 4.Bb2 a5 5.Nc3 b6 6.e3 Bb7 7.d3 Nbd7 8.Be2 Be7 
9.O-O O-O 10.Qc2 Re8 11.cxd5 exd5 12.Rac1 c5 13.d4 Rc8 14.dxc5 bxc5 15.
Rfd1 Bd6 16.Qf5 Qe7 17.Bb5 Rcd8 18.Bxd7 Rxd7 19.Na4 Ne4 20.Nd2 d4 21.Nf1 
g6 22.Qg4 h5 23.Qe2 Qg5 24.f3 Nf6 25.Nb6 Rde7 26.Nc4 Bc7 27.Qf2 h4 28.e4 
h3 29.Rc2 hxg2 30.Qxg2 Qh5 31.Re1 Nxe4 32.Rce2 Ng5 33.Rxe7 Rxe7 34.Rxe7 
Bxf3 35.Re8+ Kh7 0-1

[Event "26th EUR-ch"]
[Site "Katowice POL"]
[Date "2026.04.12"]
[Round "5.97"]
[White "Antolak, Julia"]
[Black "Davtian, Arsen"]
[Result "0-1"]
[WhiteElo "2223"]
[BlackElo "2430"]
[EventDate "2026.04.07"]
[PlyCount "74"]

1.e4 e5 2.Nf3 Nc6 3.Bb5 a6 4.Ba4 Nf6 5.O-O b5 6.Bb3 Bb7 7.d3 Bc5 8.Nc3 O-O
9.a3 h6 10.Be3 d6 11.h3 Bxe3 12.fxe3 Nb8 13.Nh2 Nbd7 14.Rf2 c5 15.Ng4 Rc8 
16.Nxf6+ Nxf6 17.Qe2 c4 18.dxc4 bxc4 19.Bxc4 Nxe4 20.Nxe4 Bxe4 21.c3 a5 
22.Raf1 d5 23.Bd3 Qh4 24.Bxe4 Qxe4 25.Rd1 Rc5 26.Qd3 Qa4 27.Rfd2 Qc6 28.
Qe2 a4 29.Qf3 Rb5 30.Qg4 Ra8 31.Qf5 Re8 32.Qg4 Ra5 33.Qb4 Rc5 34.e4 Rc4 
35.exd5 Qa6 36.d6 Rxb4 37.d7 Rbb8 0-1

[Event "26th EUR-ch"]
[Site "Katowice POL"]
[Date "2026.04.12"]
[Round "5.98"]
[White "Akhvlediani, Irakli"]
[Black "Odabasi, Ruzgar"]
[Result "1-0"]
[WhiteElo "2429"]
[BlackElo "2065"]
[EventDate "2026.04.07"]
[PlyCount "153"]

1.g3 Nf6 2.Bg2 e6 3.Nf3 d5 4.O-O Be7 5.c4 O-O 6.b3 c5 7.cxd5 exd5 8.d4 Nc6
9.Bb2 Bf5 10.dxc5 Bxc5 11.Nc3 a6 12.Rc1 Ba7 13.Na4 Qe7 14.Nd4 Nxd4 15.Bxd4
Bxd4 16.Qxd4 Qxe2 17.Nc3 Qd3 18.Qxd3 Bxd3 19.Rfd1 Be4 20.Nxd5 Bxd5 21.Bxd5
Nxd5 22.Rxd5 b5 23.Rc7 g6 24.Rdd7 Kg7 25.Ra7 Rxa7 26.Rxa7 Rc8 27.Rxa6 b4 
28.Rb6 Ra8 29.Rxb4 Rxa2 30.Rc4 Rb2 31.b4 h5 32.h4 Kf6 33.Rf4+ Ke6 34.Kg2 
Rb3 35.Kf1 Rb2 36.Ke1 f6 37.Kf1 Kf7 38.Re4 Kf8 39.Rc4 Kf7 40.Rc7+ Kg8 41.
Rb7 Kh8 42.b5 Kg8 43.b6 Kh8 44.Ke1 Kg8 45.Kd1 Kf8 46.Kc1 Rb5 47.Kd2 Ke8 
48.Kd3 g5 49.Kc4 Rb2 50.f4 gxh4 51.gxh4 Kd8 52.Kc5 Kc8 53.Rh7 Rf2 54.Kc6 
Rc2+ 55.Kd6 Rf2 56.f5 Rb2 57.Rxh5 Rxb6+ 58.Ke7 Kc7 59.Rh8 Kc6 60.Kxf6 Kd5+
61.Kg5 Rb1 62.Rd8+ Ke5 63.Re8+ Kd5 64.h5 Rg1+ 65.Kf6 Rh1 66.Rh8 Ke4 67.h6 
Kf4 68.h7 Rh2 69.Ra8 Rxh7 70.Ra4+ Kf3 71.Kg6 Rh1 72.f6 Rg1+ 73.Kf5 Rb1 74.
f7 Kg3 75.Kg6 Rb8 76.Kg7 Rb7 77.Kg8 1-0

[Event "26th EUR-ch"]
[Site "Katowice POL"]
[Date "2026.04.12"]
[Round "5.99"]
[White "Mizzi, Jack"]
[Black "Reuker, Jari"]
[Result "0-1"]
[WhiteElo "2192"]
[BlackElo "2413"]
[EventDate "2026.04.07"]
[PlyCount "156"]

1.d4 Nf6 2.c4 e6 3.Nc3 d5 4.cxd5 exd5 5.Bf4 Bd6 6.Bxd6 Qxd6 7.e3 Bf5 8.Bd3
Bxd3 9.Qxd3 c6 10.Nge2 Nbd7 11.Ng3 O-O 12.O-O Rfe8 13.f3 c5 14.Rad1 Rad8 
15.Rfe1 g6 16.dxc5 Nxc5 17.Qd4 Qe7 18.Re2 b6 19.Nf1 Rd7 20.Red2 h5 21.Qh4 
Kg7 22.Nb5 Qe5 23.Nd4 Ne6 24.Rc2 g5 25.Qf2 h4 26.g3 hxg3 27.Nxg3 Nxd4 28.
Rxd4 Rc7 29.Rxc7 Qxc7 30.h4 gxh4 31.Nf5+ Kg6 32.Nxh4+ Kh7 33.Rf4 Rg8+ 34.
Ng2 Rg6 35.Qd2 Kg7 36.Kf1 Qd7 37.Rh4 Qf5 38.Qd1 Qg5 39.Qe2 Nh5 40.Qf2 Qf5 
41.Kg1 Nf6 42.b4 Rg5 43.Rf4 Qb1+ 44.Kh2 Nh5 45.Rg4 Rxg4 46.fxg4 Nf6 47.Qf4
Qh7+ 48.Kg1 Qb1+ 49.Kh2 Qh7+ 50.Kg1 Qe4 51.g5 Ng4 52.a3 Kg6 53.Nh4+ Kh5 
54.Nf3 Qxe3+ 55.Qxe3 Nxe3 56.b5 Nc4 57.a4 Nb2 58.Nd4 Nxa4 59.Nc6 Kxg5 60.
Nxa7 Kf4 61.Kf2 Ke4 62.Ke2 f5 63.Nc8 f4 64.Nd6+ Ke5 65.Nf7+ Kf6 66.Nd6 Ke6
67.Nc8 d4 68.Na7 Kd5 69.Kd3 Nc5+ 70.Ke2 Ke4 71.Nc8 Na4 72.Kd2 f3 73.Nd6+ 
Kd5 74.Nf5 Nc3 75.Kd3 f2 76.Ng3 Kc5 77.Nf1 Nd5 78.Ke2 Ne3 0-1

[Event "26th EUR-ch"]
[Site "Katowice POL"]
[Date "2026.04.12"]
[Round "5.100"]
[White "Pietruszewski, Marcin"]
[Black "Narva, Mai"]
[Result "0-1"]
[WhiteElo "2127"]
[BlackElo "2411"]
[EventDate "2026.04.07"]
[PlyCount "148"]

1.d4 Nf6 2.c4 e6 3.Nf3 Bb4+ 4.Nbd2 d6 5.g3 Nc6 6.Bg2 a5 7.O-O e5 8.d5 Ne7 
9.Ne1 O-O 10.Nd3 Bxd2 11.Bxd2 e4 12.Ne1 Ng6 13.Nc2 Re8 14.Bc3 Qe7 15.h3 
Nd7 16.Qd4 f5 17.f4 Nf6 18.Ne3 Bd7 19.b3 Rf8 20.a3 Rf7 21.Nc2 Nh5 22.Qf2 
Nf8 23.Kh2 h6 24.Rfc1 g5 25.e3 Ng6 26.Rg1 Kh7 27.Bf1 Nf6 28.Be2 c6 29.dxc6
bxc6 30.b4 a4 31.Rad1 c5 32.Rd2 Be6 33.Rgd1 Ne8 34.Ne1 Rf8 35.Ng2 Qf7 36.
Bf1 Bxc4 37.bxc5 Bb3 38.Rc1 dxc5 39.Ba1 Rc8 40.Qe2 c4 41.fxg5 Ng7 42.Rd6 
Qe7 43.Rxg6 Kxg6 44.Nf4+ Kh7 45.g6+ Kg8 46.Qb2 Rc6 47.Nh5 Rxg6 48.Nxg7 
Qxg7 49.Bxc4+ Bxc4 50.Qxg7+ Rxg7 51.Bxg7 Kxg7 52.Rxc4 Rb8 53.g4 Rb3 54.
Rxa4 Rxe3 55.gxf5 Kf6 56.Ra5 h5 57.h4 Rf3 58.a4 e3 59.Ra8 Kxf5 60.Re8 Kf4 
61.Kg1 Rg3+ 62.Kf1 Rh3 63.a5 Rxh4 64.Rf8+ Kg3 65.Rg8+ Kh2 66.Rg2+ Kh3 67.
Ra2 Kg3 68.Kg1 Rd4 69.Kf1 Kf3 70.Ke1 Rh4 71.Kd1 Rh1+ 72.Kc2 Rh2+ 73.Kb3 
Rxa2 74.Kxa2 e2 0-1

[Event "26th EUR-ch"]
[Site "Katowice POL"]
[Date "2026.04.12"]
[Round "5.101"]
[White "Piesik, Piotr"]
[Black "Frankiv, Oleksandr"]
[Result "1-0"]
[WhiteElo "2407"]
[BlackElo "1892"]
[EventDate "2026.04.07"]
[PlyCount "61"]

1.Nf3 f5 2.d3 Nf6 3.e4 fxe4 4.dxe4 Nxe4 5.Bd3 d5 6.Bxe4 dxe4 7.Qxd8+ Kxd8 
8.Ng5 Ke8 9.Nc3 Bf5 10.Be3 e5 11.O-O-O Bb4 12.Nd5 Bd6 13.h3 Na6 14.g4 Bg6 
15.Nc3 Ke7 16.Ngxe4 Rhf8 17.a3 Bxe4 18.Nxe4 Nb8 19.c4 b6 20.b4 Kf7 21.
Nxd6+ cxd6 22.Rxd6 Rc8 23.Kb2 Nc6 24.Rd7+ Kf8 25.Rhd1 Rd8 26.Kc3 Rac8 27.
b5 Rxd7 28.Rxd7 Na5 29.c5 a6 30.bxa6 bxc5 31.a7 1-0

[Event "26th EUR-ch"]
[Site "Katowice POL"]
[Date "2026.04.12"]
[Round "5.102"]
[White "Yekeler, Kerem Sarp"]
[Black "Lashkin, Jegor"]
[Result "1/2-1/2"]
[WhiteElo "2116"]
[BlackElo "2493"]
[EventDate "2026.04.07"]
[PlyCount "113"]

1.e4 e5 2.Nf3 Nc6 3.d4 exd4 4.Nxd4 Qf6 5.Nxc6 Bc5 6.Qf3 bxc6 7.Nd2 d6 8.
Nb3 Bb6 9.a4 a5 10.Bd2 Qg6 11.Bd3 Ne7 12.O-O O-O 13.Rae1 Qg4 14.Qxg4 Bxg4 
15.Kh1 Bd7 16.Bc3 c5 17.Ra1 c6 18.Rae1 Be6 19.Nd2 f6 20.f4 Bc7 21.b3 Rfe8 
22.f5 Bf7 23.Nf3 d5 24.exd5 Nxd5 25.Bd2 Nb4 26.Bxb4 cxb4 27.Nd4 Bb6 28.Ne6
g6 29.Bc4 gxf5 30.Rxf5 Bd4 31.Re4 Be5 32.Nc5 Rad8 33.Bxf7+ Kxf7 34.Nd3 Bc7
35.Rxe8 Rxe8 36.Rc5 Re6 37.g3 Bb6 38.Rc4 Rd6 39.Kg2 Bd4 40.Kf3 f5 41.Nc5 
Bg1 42.h4 Rd2 43.Nd3 c5 44.g4 fxg4+ 45.Kxg4 Ke6 46.Nxc5+ Kd5 47.Ne4 Rd4 
48.Rxd4+ Kxd4 49.Kf3 Bh2 50.Nd2 Kc3 51.Nc4 Bc7 52.Ne3 Bd8 53.h5 Bg5 54.Nc4
Bd8 55.Ne3 Bg5 56.Nc4 Bd8 57.Ne3 1/2-1/2

[Event "26th EUR-ch"]
[Site "Katowice POL"]
[Date "2026.04.12"]
[Round "5.103"]
[White "Kourkoulos-Arditis, Stamatis"]
[Black "Goderdzishvili, Giga"]
[Result "1-0"]
[WhiteElo "2583"]
[BlackElo "2261"]
[EventDate "2026.04.07"]
[PlyCount "147"]

1.e4 e5 2.Nf3 Nc6 3.Bb5 a6 4.Ba4 d6 5.O-O Bd7 6.c3 Nf6 7.Re1 g6 8.d4 Bg7 
9.h3 O-O 10.Bc2 h6 11.Nbd2 Re8 12.Nf1 a5 13.Ng3 Qe7 14.Be3 Kh7 15.Qd2 a4 
16.d5 Na5 17.b3 b5 18.Rad1 Rec8 19.Nh2 axb3 20.axb3 Nb7 21.b4 c6 22.dxc6 
Bxc6 23.Ng4 Nxg4 24.hxg4 Bd7 25.f3 Ra3 26.Ne2 Be6 27.Ra1 Rca8 28.Rxa3 Rxa3
29.Kf2 g5 30.Qc1 Ra8 31.Qb2 Ra2 32.Qb1 Nd8 33.Rd1 Ra3 34.Qc1 Ra6 35.Rd2 
Qc7 36.Bd3 Qc6 37.Ng3 Bf8 38.Nf5 f6 39.Rc2 Bb3 40.Rb2 Bc4 41.Qf1 Bxd3 42.
Qxd3 Ne6 43.Rd2 Ra3 44.Qd5 Qxd5 45.Rxd5 Nc7 46.Rd3 Ra6 47.Bd2 Kg6 48.Ne3 
Kf7 49.Nd5 Rc6 50.Ke2 Ke6 51.Be3 Rc4 52.Kd2 Be7 53.Kc2 Bd8 54.Rd1 Na6 55.
Rh1 Nc7 56.Rd1 Na6 57.Ra1 Rc6 58.Rh1 Nc7 59.Bb6 Rc4 60.Bxc7 Bxc7 61.Rxh6 
Bd8 62.Rh7 Rc8 63.Rb7 Ra8 64.Kb2 Ra6 65.Rxb5 Ra7 66.Rb8 Kd7 67.c4 Ra4 68.
Rb7+ Ke8 69.Rh7 Ra6 70.b5 Ra4 71.Kc3 Ba5+ 72.Kb3 Ra1 73.Ra7 Kd8 74.b6 1-0

[Event "26th EUR-ch"]
[Site "Katowice POL"]
[Date "2026.04.12"]
[Round "5.104"]
[White "Lopez Martinez, Josep Manuel"]
[Black "Karvatskyi, Oleksii"]
[Result "0-1"]
[WhiteElo "2510"]
[BlackElo "2269"]
[EventDate "2026.04.07"]
[PlyCount "184"]

1.d4 d5 2.c4 e6 3.Nc3 Nf6 4.cxd5 exd5 5.Bg5 Be7 6.e3 c6 7.Bd3 O-O 8.Qc2 h6
9.Bh4 a5 10.Nf3 Nbd7 11.a4 Nb8 12.Rd1 Na6 13.Qc1 Nb4 14.Bb1 Bg4 15.O-O Nh7
16.Bxe7 Qxe7 17.Rd2 Bxf3 18.gxf3 Qh4 19.Qd1 f5 20.Kh1 f4 21.Bxh7+ Kxh7 22.
e4 Rae8 23.Rg1 Qh3 24.Rg2 Re6 25.Qe2 dxe4 26.Nxe4 Rfe8 27.Rg1 Kh8 28.Qd1 
b6 29.Qe2 Rd8 30.Rdd1 Rd5 31.Rg2 Rh5 32.Rdg1 g5 33.b3 Nd5 34.Qd3 Ne7 35.
Nc3 Qf5 36.Qa6 Ng6 37.Qc8+ Kg7 38.d5 cxd5 39.Qd7+ Qf7 40.Qxd5 Re8 41.Qd4+ 
Qf6 42.Qxf6+ Kxf6 43.Ne4+ Kg7 44.Rd1 Rh3 45.Rd7+ Kf8 46.Rd6 Ne5 47.Nd2 Ke7
48.Rxb6 Rd8 49.Rb5 Ke6 50.Rb6+ Kf5 51.Nc4 Rd1+ 52.Rg1 Nxf3 53.Rb5+ Ke4 54.
Re5+ Nxe5 55.Rxd1 Nf3 56.Nd6+ Ke5 57.Kg2 g4 58.Nc4+ Kf5 59.Rh1 Nh4+ 60.Kf1
g3 61.fxg3 fxg3 62.Ne3+ Ke4 63.Ke2 Nf3 64.Ng4 Nxh2 65.Nf6+ Kf5 66.Nd5 Rh5 
67.Rg1 Rg5 68.b4 Ke5 69.Ne3 axb4 70.a5 Kf4 71.Ng2+ Ke4 72.Rb1 Rxa5 73.
Rxb4+ Ke5 74.Rb2 Kf5 75.Ne3+ Kg5 76.Rb8 Kh5 77.Rb1 Re5 78.Kd3 Kh4 79.Ng2+ 
Kh3 80.Nf4+ Kg4 81.Ng2 Nf3 82.Rb4+ Kg5 83.Rb8 Ne1+ 84.Kd4 Nf3+ 85.Kd3 Kg4 
86.Rb4+ Kh3 87.Nf4+ Kh2 88.Rb2+ Kh1 89.Rb1+ Ne1+ 90.Kd4 Re7 91.Rb6 h5 92.
Kd5 g2 0-1

[Event "26th EUR-ch"]
[Site "Katowice POL"]
[Date "2026.04.12"]
[Round "5.105"]
[White "Zanan, Evgeny"]
[Black "Romanyshyn, Oleh"]
[Result "1/2-1/2"]
[WhiteElo "2497"]
[BlackElo "2255"]
[EventDate "2026.04.07"]
[PlyCount "137"]

1.e4 e5 2.Nf3 Nc6 3.Bb5 a6 4.Ba4 Nf6 5.O-O Be7 6.Re1 b5 7.Bb3 d6 8.c3 O-O 
9.h3 Nd7 10.d4 Bf6 11.a4 Na5 12.Ba2 Nb6 13.b4 Nc6 14.a5 Nd7 15.d5 Ne7 16.
Be3 Ng6 17.c4 bxc4 18.Nc3 Be7 19.Bxc4 Nf6 20.b5 Nh5 21.Bf1 Nhf4 22.Kh2 
axb5 23.Nxb5 f5 24.exf5 Bxf5 25.Nc3 Qd7 26.a6 e4 27.Nd4 Nd3 28.Bxd3 exd3 
29.g4 d2 30.Qxd2 Bxg4 31.hxg4 Qxg4 32.Rg1 Qh4+ 33.Kg2 Bf6 34.Kf1 Rae8 35.
Ra4 Qh3+ 36.Ke1 Qh2 37.Nce2 Bh4 38.Rf1 Ne5 39.Kd1 Qh3 40.Rg1 Bxf2 41.Bxf2 
Rxf2 42.a7 Ra8 43.Kc2 Nf3 44.Nxf3 Qxf3 45.Rf4 Qxf4 46.Nxf4 Rxd2+ 47.Kxd2 
Rxa7 48.Ne6 g6 49.Kd3 Kf7 50.Rc1 h5 51.Nxc7 Ra5 52.Rb1 Kf6 53.Nb5 Ke5 54.
Nc3 h4 55.Re1+ Kf5 56.Kd4 g5 57.Rf1+ Kg6 58.Ne4 Ra4+ 59.Ke3 Ra3+ 60.Ke2 
Ra2+ 61.Ke3 Ra3+ 62.Ke2 Ra2+ 63.Kf3 Ra5 64.Rd1 Ra3+ 65.Kg4 Re3 66.Rd4 Ra3 
67.Rc4 Rd3 68.Rc6 Rxd5 69.Rxd6+ 1/2-1/2

[Event "26th EUR-ch"]
[Site "Katowice POL"]
[Date "2026.04.12"]
[Round "5.106"]
[White "Ahmad, Khagan"]
[Black "Saraci, Korab"]
[Result "1/2-1/2"]
[WhiteElo "2483"]
[BlackElo "2251"]
[EventDate "2026.04.07"]
[PlyCount "115"]

1.e4 c5 2.Nf3 d6 3.d4 cxd4 4.Nxd4 Nf6 5.Bd3 g6 6.Be3 Bg7 7.h3 O-O 8.c4 Nc6
9.Nc3 Nh5 10.Nde2 Ne5 11.g4 Nf3+ 12.Kf1 Nf6 13.Ng3 Ne5 14.f4 Nxd3 15.Qxd3 
Nd7 16.Rc1 b6 17.Qe2 Ba6 18.h4 Rc8 19.b3 Bxc3 20.Rxc3 b5 21.Kg2 bxc4 22.
bxc4 Qa5 23.Rhc1 Rc6 24.h5 Rfc8 25.hxg6 fxg6 26.Bf2 Nb6 27.Bxb6 axb6 28.
Qd3 Rxc4 29.Rxc4 Qxa2+ 30.R1c2 Bxc4 31.Rxa2 Bxd3 32.Ra3 Bc4 33.Ra7 b5 34.
Rxe7 b4 35.Rb7 b3 36.Rb4 Rc5 37.Nf1 Bxf1+ 38.Kxf1 Rc3 39.Ke2 h5 40.Rb8+ 
Kf7 41.Rb7+ Kf6 42.g5+ Ke6 43.Rb5 Kd7 44.f5 gxf5 45.exf5 Rc5 46.Rb7+ Kc6 
47.Rxb3 Rxf5 48.Rg3 h4 49.Rg1 h3 50.g6 h2 51.Rh1 Rg5 52.Rxh2 Rxg6 53.Kd3 
Kc5 54.Rh5+ d5 55.Rh4 Rg1 56.Rf4 Rd1+ 57.Ke2 Rc1 58.Kd2 1/2-1/2

[Event "26th EUR-ch"]
[Site "Katowice POL"]
[Date "2026.04.12"]
[Round "5.107"]
[White "Topencik, Bruno"]
[Black "Olsen, Filip Boe"]
[Result "0-1"]
[WhiteElo "2265"]
[BlackElo "2474"]
[EventDate "2026.04.07"]
[PlyCount "68"]

1.e4 c5 2.Nf3 d6 3.d4 cxd4 4.Nxd4 Nf6 5.Nc3 a6 6.Be3 e5 7.Nf3 Qc7 8.a4 Be7
9.Be2 O-O 10.O-O Be6 11.Nd5 Nxd5 12.exd5 Bf5 13.c4 a5 14.Ne1 Nd7 15.Nc2 
Bxc2 16.Qxc2 f5 17.f4 exf4 18.Bxf4 Bf6 19.Kh1 Nc5 20.Rab1 Rae8 21.Bd3 g6 
22.b3 Be5 23.Bh6 Rf7 24.Qd2 Qd8 25.Bg5 Bc3 26.Qxc3 Qxg5 27.Rbd1 Re3 28.Qc2
Rfe7 29.Qb1 Qg4 30.Rg1 R7e5 31.Rgf1 f4 32.Rd2 Rh5 33.Bc2 Qg3 34.h3 f3 0-1